| 000 | 00588nam a2200181 4500 | ||
|---|---|---|---|
| 008 | 171024b xxu||||| |||| 00| 0 eng d | ||
| 020 | _a971-30-0692-5 | ||
| 082 |
_21996 _aDC 615.1076 _bJ15 |
||
| 100 |
_923018 _aJacob, Leonard S. |
||
| 245 |
_aPharmacology/ _cLeonard S. Jacob |
||
| 250 | _a4th edition | ||
| 260 |
_aPhiladelhia: _bWilliams & Wilkins, _c©1995. |
||
| 300 |
_axiii, 385 pages; _c25 cm |
||
| 440 |
_923020 _aThe National medical series for independent study |
||
| 500 | _aIncludes index. | ||
| 650 | 0 |
_923019 _aPharmacology _vExaminations, questions, etc. |
|
| 942 |
_2ddc _cDC |
||
| 999 |
_c7618 _d7618 |
||